=LDR 00000nam 2200000 4500 =001 INLIS000000000007039 =005 20130612095112 =008 ***********************************Ind** =035 ##$$0010-061300000007039 =041 ##$$a Ind =082 ##$$a 2X6.2 =090 ##$$a 2X6.2, Fir d =100 ##$$a Firdaus, AN =245 ##$$a Dosa-dosa yang tak boleh berulang lagi, KH. Firdaus AN =260 ##$$a 1993 $b Jakarta =300 ##$$a vii, 99 hlm., 21 cm =650 ##$$a Islam-Politik